| 000 | 00378nam a2200133Ia 4500 | ||
|---|---|---|---|
| 008 | 170516s9999 xx 000 0 und d | ||
| 245 | _aThree cases of neuromyelitis optica spectrum disorder | ||
| 260 | _bActa Radiologica Open | ||
| 260 | _c2016 | ||
| 300 | _a5:5 | ||
| 650 | _xRadiologic Technology | ||
| 650 | _xRadtech | ||
| 856 | _uhttp://journals.sagepub.com/toc/arrb/5/5 | ||
| 999 |
_c332929 _d332929 |
||